[Event "II Festival A"]
[Site "Fano ITA"]
[Date "2013.08.03"]
[Round "8"]
[White "Coppola, Federico"]
[Black "Lavorgna, Giovanni"]
[WhiteElo "1957"]
[BlackElo "2060"]
[Result "1-0"]
[PlyCount "69"]
[EventDate "2013.07.29"]

1. e4 c5 2. Nf3 d6 3. d4 cxd4 4. Nxd4 Nf6 5. Nc3 Nc6 6. Bc4 e6 7. Be3 Be7 8.
Qe2 O-O 9. O-O-O a6 10. Bb3 Qc7 11. g4 Nd7 12. Nf5 Nc5 13. Nxe7+ Qxe7 14. Qd2
Rd8 15. f3 b5 16. Bf4 b4 17. Na4 Nxb3+ 18. axb3 e5 19. Bg5 f6 20. Be3 Be6 21.
g5 Kh8 22. gxf6 gxf6 23. Nb6 Rab8 24. Nd5 Qf7 25. Rhg1 Rbc8 26. Kb1 a5 27. Nb6
Rb8 28. Na4 d5 29. Bb6 d4 30. Bxd8 Rxd8 31. Qd3 Qe7 32. Rg3 Rb8 33. Rdg1 Na7
34. Rg7 Bf7 35. Qd2 1-0

[Event "II Festival A"]
[Site "Fano ITA"]
[Date "2013.08.03"]
[Round "8"]
[White "Di Primio, Eugenia"]
[Black "Klimentov, Roman"]
[WhiteElo "1943"]
[BlackElo "2219"]
[Result "1/2-1/2"]
[PlyCount "31"]
[EventDate "2013.07.29"]

1. e4 c5 2. Nc3 Nc6 3. Bb5 d6 4. Bxc6+ bxc6 5. d3 g6 6. f4 Bg7 7. Nf3 f6 8. O-O
Nh6 9. Qe1 Nf7 10. b3 O-O 11. Bb2 e5 12. fxe5 fxe5 13. Rd1 Be6 14. Bc1 Rb8 15.
Qg3 Kh8 16. Rf2 1/2-1/2

[Event "II Festival A"]
[Site "Fano ITA"]
[Date "2013.08.03"]
[Round "8"]
[White "Difronzo, Andrea"]
[Black "Klimentov, Evgeny"]
[WhiteElo "1943"]
[BlackElo "2006"]
[Result "1/2-1/2"]
[PlyCount "46"]
[EventDate "2013.07.29"]

1. e4 c5 2. c3 d5 3. exd5 Qxd5 4. d4 Nf6 5. Nf3 Bg4 6. Be2 e6 7. h3 Bh5 8. O-O
Nc6 9. Be3 cxd4 10. Nxd4 Bxe2 11. Qxe2 Nxd4 12. Bxd4 Be7 13. Rd1 Qc6 14. Nd2
O-O 15. Nf3 a6 16. Ne5 Qc7 17. c4 Rac8 18. b3 Bc5 19. Bb2 Rfd8 20. Rxd8+ Rxd8
21. Rd1 Rxd1+ 22. Qxd1 Ne4 23. Nd3 Bb6 1/2-1/2

[Event "II Festival A"]
[Site "Fano ITA"]
[Date "2013.08.03"]
[Round "8"]
[White "Drazic, Sinisa"]
[Black "Prohaszka, Peter"]
[WhiteElo "2464"]
[BlackElo "2554"]
[Result "0-1"]
[PlyCount "74"]
[EventDate "2013.07.29"]

1. e4 c6 2. d4 d5 3. e5 Bf5 4. Nf3 e6 5. Be2 Ne7 6. O-O c5 7. dxc5 Nec6 8. Be3
Nd7 9. Nd4 Nxd4 10. Bxd4 Bxc5 11. Bxc5 Nxc5 12. Bb5+ Ke7 13. Nc3 Qb6 14. Qd2
Rhc8 15. a4 a6 16. a5 Qc7 17. Bd3 Bxd3 18. cxd3 Kf8 19. Qe2 Nb3 20. Rae1 Qxa5
21. f4 Nd4 22. Qh5 Kg8 23. Kh1 Qb6 24. f5 Qxb2 25. Nd1 Qb4 26. g4 Qd2 27. fxe6
fxe6 28. Qf7+ Kh8 29. Re3 h6 30. Qxb7 Rc2 31. Qxa8+ Kh7 32. Nf2 Qxe3 33. Qf8
Qe2 34. Kg1 Nf3+ 35. Kg2 Ne1+ 36. Kg1 Nxd3 37. g5 Nxf2 0-1

[Event "II Festival A"]
[Site "Fano ITA"]
[Date "2013.08.03"]
[Round "8"]
[White "Ivanisevic, Ivan"]
[Black "Zakharov, Aleksej"]
[WhiteElo "2649"]
[BlackElo "2331"]
[Result "1-0"]
[PlyCount "73"]
[EventDate "2013.07.29"]

1. d4 d5 2. c4 dxc4 3. e3 c5 4. Bxc4 e6 5. Nf3 Nf6 6. O-O a6 7. dxc5 Qxd1 8.
Rxd1 Bxc5 9. Be2 Nc6 10. b3 b5 11. Bb2 Bb7 12. Nbd2 Be7 13. a4 b4 14. Nc4 O-O
15. Ne1 Rfd8 16. Nd3 Ne4 17. Rac1 Bf6 18. Bxf6 gxf6 19. Bf3 Nc3 20. Rd2 a5 21.
Kf1 Ra7 22. Nc5 Rxd2 23. Nxd2 Ba6+ 24. Nxa6 Rxa6 25. Ne4 Nxe4 26. Bxe4 Ne5 27.
Rc5 Nd7 28. Rc7 Ne5 29. f4 Ng4 30. Ke2 Nxh2 31. Bc6 Ng4 32. e4 f5 33. exf5 exf5
34. Kd3 Rb6 35. Rc8+ Kg7 36. Kd4 Ra6 37. Kc5 1-0

[Event "II Festival A"]
[Site "Fano ITA"]
[Date "2013.08.03"]
[Round "8"]
[White "Panella, Fiammetta"]
[Black "Brancaleoni, Maurizio"]
[WhiteElo "2050"]
[BlackElo "2248"]
[Result "1/2-1/2"]
[PlyCount "30"]
[EventDate "2013.07.29"]

1. e4 e6 2. d4 d5 3. Nc3 Nf6 4. Bg5 dxe4 5. Nxe4 Be7 6. Bxf6 gxf6 7. Nf3 f5 8.
Nc3 a6 9. Qd2 b5 10. g3 Bb7 11. Bg2 c5 12. O-O cxd4 13. Qxd4 Qxd4 14. Nxd4 Bxg2
15. Kxg2 Nd7 1/2-1/2

[Event "II Festival A"]
[Site "Fano ITA"]
[Date "2013.08.03"]
[Round "8"]
[White "Persson, Andreas"]
[Black "Fathi, Hassan"]
[WhiteElo "2167"]
[BlackElo "1921"]
[Result "1-0"]
[PlyCount "65"]
[EventDate "2013.07.29"]

1. e4 c6 2. d4 d6 3. Nc3 Qc7 4. f4 e5 5. Nf3 Nd7 6. Bd3 Ngf6 7. O-O Be7 8. Kh1
O-O 9. Ne2 Re8 10. Ng3 Bf8 11. c3 c5 12. fxe5 dxe5 13. d5 c4 14. Bc2 Bc5 15.
Qe2 Bf8 16. Nf5 g6 17. Nh6+ Bxh6 18. Bxh6 Ng4 19. Bd2 Nb6 20. a4 Nf6 21. a5
Nbd7 22. Ba4 a6 23. Ng5 Rf8 24. Bc2 h6 25. Nf3 Kg7 26. Be3 Ng8 27. Nd2 Ndf6 28.
Nxc4 Bg4 29. Qd3 Rac8 30. Nb6 Rcd8 31. c4 Nxe4 32. Qxe4 Bf5 33. Rxf5 1-0

[Event "II Festival A"]
[Site "Fano ITA"]
[Date "2013.08.03"]
[Round "8"]
[White "Petrone, Gianmario"]
[Black "Lantini, Marco"]
[WhiteElo "1993"]
[BlackElo "2119"]
[Result "1/2-1/2"]
[PlyCount "69"]
[EventDate "2013.07.29"]

1. e4 e5 2. Nf3 Nc6 3. Bc4 Bc5 4. c3 Nf6 5. d3 a6 6. Bb3 d6 7. O-O Ba7 8. Nbd2
O-O 9. h3 Ne7 10. Re1 Ng6 11. Nf1 c6 12. Ng3 h6 13. d4 Qc7 14. Be3 b5 15. Qe2
Re8 16. dxe5 dxe5 17. Bxa7 Qxa7 18. Rad1 Nf4 19. Qe3 Qe7 20. Nf5 Qf8 21. Nd6
N4d5 22. Bxd5 Nxd5 23. exd5 Qxd6 24. dxc6 Qxc6 25. Nxe5 Qf6 26. Qf3 Qxf3 27.
Nxf3 Be6 28. a3 Reb8 29. Nd4 Bc4 30. Re5 Rb7 31. Rde1 Kf8 32. f3 a5 33. b3 f6
34. Rc5 Bf7 35. Rxb5 1/2-1/2

[Event "II Festival A"]
[Site "Fano ITA"]
[Date "2013.08.03"]
[Round "8"]
[White "Rebeggiani, Andrea"]
[Black "Rossi, Aldo A."]
[WhiteElo "1910"]
[BlackElo "2260"]
[Result "0-1"]
[PlyCount "104"]
[EventDate "2013.07.29"]

1. d4 Nf6 2. Bf4 c5 3. e3 Qb6 4. Nc3 d6 5. Nf3 Bd7 6. Rb1 cxd4 7. exd4 e6 8.
Be2 Be7 9. O-O O-O 10. Qd3 Bc6 11. h3 Rc8 12. Rfc1 Nbd7 13. Be3 Qd8 14. Ng5 a6
15. Nge4 Nxe4 16. Nxe4 d5 17. Ng3 Bb5 18. Qd2 Bxe2 19. Qxe2 b5 20. a3 Rab8 21.
c3 a5 22. Nh5 g6 23. Nf4 Nb6 24. Nd3 Nc4 25. Bf4 Rb7 26. g3 Rb6 27. h4 Rbc6 28.
Ne5 Nxe5 29. dxe5 Qb6 30. h5 b4 31. axb4 axb4 32. Be3 Qb8 33. hxg6 hxg6 34. Bd4
Bc5 35. Qe3 Bxd4 36. cxd4 Qc7 37. Rxc6 Qxc6 38. Kg2 Qc2 39. Rh1 Qe4+ 40. Qxe4
dxe4 41. Re1 Rc2 42. Rxe4 Rxb2 43. Kf3 b3 44. Re1 Rc2 45. Rb1 b2 46. Ke3 g5 47.
g4 Kg7 48. f3 Rc3+ 49. Kd2 Rb3 50. Kc2 Rxf3 51. Kxb2 Rd3 52. Re1 Rxd4 0-1

[Event "II Festival A"]
[Site "Fano ITA"]
[Date "2013.08.03"]
[Round "8"]
[White "Rindlisbacher, Lars"]
[Black "Costantini, Roberto"]
[WhiteElo "2315"]
[BlackElo "2290"]
[Result "1-0"]
[PlyCount "57"]
[EventDate "2013.07.29"]

1. e4 c5 2. Nf3 d6 3. c3 Nf6 4. h3 Nc6 5. Bd3 g6 6. Bc2 Bg7 7. O-O O-O 8. d4 e5
9. dxc5 dxc5 10. Qe2 Qe7 11. Bg5 b6 12. Nbd2 Nd8 13. Nc4 Ne6 14. Bxf6 Bxf6 15.
g3 Nc7 16. h4 Ba6 17. a4 Qe6 18. Bd3 Rad8 19. Ncxe5 Rxd3 20. Nxd3 Qg4 21. Rad1
Bxh4 22. Rfe1 Bf6 23. Qe3 g5 24. Nde5 Qh5 25. Rd7 Ne8 26. Nc6 g4 27. Rd5 Qg6
28. e5 Bc4 29. exf6 1-0

[Event "II Festival A"]
[Site "Fano ITA"]
[Date "2013.08.03"]
[Round "8"]
[White "Rizzardi, Franco"]
[Black "Gambardella, Piero"]
[WhiteElo "2027"]
[BlackElo "1992"]
[Result "1/2-1/2"]
[PlyCount "66"]
[EventDate "2013.07.29"]

1. e4 e5 2. Nf3 Nc6 3. Bb5 f5 4. d3 Nf6 5. Nbd2 Bc5 6. c3 O-O 7. O-O fxe4 8.
Nxe4 Nxe4 9. dxe4 d6 10. Ng5 Qe8 11. b4 Bb6 12. a4 a6 13. Bc4+ Kh8 14. a5 Ba7
15. Qb3 Nd8 16. Be3 Qg6 17. Bxa7 Rxa7 18. f4 exf4 19. Nf3 Nc6 20. Rae1 Bg4 21.
Kh1 Bxf3 22. gxf3 Ne5 23. Be2 Qh5 24. c4 Raa8 25. Rg1 Rfd8 26. Qc3 Qh4 27. Rg2
Qf6 28. Reg1 Rd7 29. Qd2 Rf8 30. Rg5 g6 31. R1g2 Rdf7 32. b5 Re7 33. Qb4 Nd7
1/2-1/2

[Event "II Festival A"]
[Site "Fano ITA"]
[Date "2013.08.03"]
[Round "8"]
[White "Rombaldoni, Axel"]
[Black "Solodovnichenko, Yuri"]
[WhiteElo "2494"]
[BlackElo "2555"]
[Result "1/2-1/2"]
[PlyCount "160"]
[EventDate "2013.07.29"]

1. e4 g6 2. d4 Bg7 3. Nc3 d6 4. Be3 Nd7 5. Qd2 c6 6. O-O-O b5 7. h4 Qa5 8. h5
Ngf6 9. h6 Bf8 10. f3 e5 11. d5 cxd5 12. Nxd5 Qxd2+ 13. Rxd2 Nxd5 14. Rxd5 a6
15. Rd2 f5 16. exf5 gxf5 17. f4 Nf6 18. Nf3 Ng4 19. Bb6 Bxh6 20. Rxh6 Nxh6 21.
fxe5 d5 22. Rxd5 Nf7 23. Rc5 Nd8 24. a4 Ne6 25. Rc6 Bd7 26. Rd6 Ke7 27. Bf2
Rhg8 28. Bh4+ Ke8 29. g3 Rg6 30. a5 Nc5 31. Rd5 Rc8 32. Nd4 Ne4 33. e6 Bxe6 34.
Re5 Kd7 35. Nxe6 Rxe6 36. Rxf5 Nd6 37. Rf4 Re1+ 38. Kd2 Rce8 39. Bd3 h6 40. Rg4
Kc6 41. Rg7 Kc5 42. b3 R1e6 43. Kc3 Ne4+ 44. Kb2 Kb4 45. Rd7 Rd6 46. Be7 Rxe7
47. Rxe7 Nxg3 48. Rb7 Kc5 49. Kc3 Re6 50. b4+ Kd5 51. Kb3 Rc6 52. Rb8 Ne4 53.
Rd8+ Nd6 54. Bf1 Ke5 55. Bg2 Rc7 56. Ra8 Nf5 57. c3 Ne3 58. Re8+ Kf4 59. Re4+
Kg3 60. Rxe3+ Kxg2 61. Re6 h5 62. Rxa6 h4 63. Rb6 h3 64. Rxb5 Rh7 65. Rd5 h2
66. Rd2+ Kf3 67. Rxh2 Rxh2 68. a6 Ke4 69. Kc4 Rh8 70. b5 Rc8+ 71. Kb4 Kd5 72.
a7 Ra8 73. c4+ Kd6 74. c5+ Kc7 75. b6+ Kc6 76. Ka5 Rg8 77. Ka6 Kxc5 78. b7 Rg6+
79. Ka5 Rg1 80. Ka4 Kc4 1/2-1/2

[Event "II Festival A"]
[Site "Fano ITA"]
[Date "2013.08.03"]
[Round "8"]
[White "Shytaj, Luca"]
[Black "Bonafede, Alessandro"]
[WhiteElo "2456"]
[BlackElo "2380"]
[Result "1/2-1/2"]
[PlyCount "71"]
[EventDate "2013.07.29"]

1. e4 c5 2. Nf3 Nc6 3. Bb5 e5 4. O-O Nge7 5. c3 b6 6. Bc4 Qc7 7. Ng5 Nd8 8. f4
b5 9. Bxf7+ Nxf7 10. Nxf7 Kxf7 11. fxe5+ Ke8 12. d4 Bb7 13. Qf3 Qc6 14. d5 Nxd5
15. exd5 Qxd5 16. Qg3 Rc8 17. e6 dxe6 18. Bf4 Rd8 19. Nd2 Be7 20. Nf3 Bf6 21.
Rae1 Qf5 22. Ng5 Rd3 23. Be3 Qd5 24. Nxe6 Qxe6 25. Bxc5 Rxg3 26. Rxe6+ Kf7 27.
Re7+ Kg6 28. Rxf6+ gxf6 29. hxg3 Bd5 30. b3 Rc8 31. Bd4 Rc6 32. Kf2 h5 33. Re8
Kf5 34. Rh8 Kg4 35. Rh7 Rd6 36. Rg7+ 1/2-1/2

[Event "II Festival A"]
[Site "Fano ITA"]
[Date "2013.08.03"]
[Round "8"]
[White "Tonel, Giulia"]
[Black "Rago, Riccardo"]
[WhiteElo "1973"]
[BlackElo "2084"]
[Result "1/2-1/2"]
[PlyCount "28"]
[EventDate "2013.07.29"]

1. d4 d5 2. c4 e6 3. Nc3 Nf6 4. Bg5 Be7 5. e3 c6 6. Qc2 Nbd7 7. Nf3 a6 8. b3
Bb4 9. Bxf6 Nxf6 10. Nd2 Qa5 11. Rc1 Ba3 12. Rd1 Bb4 13. Rc1 Ba3 14. Rd1 Bb4
1/2-1/2

[Event "II Festival A"]
[Site "Fano ITA"]
[Date "2013.08.04"]
[Round "9"]
[White "Angelini, Marco"]
[Black "Drazic, Sinisa"]
[WhiteElo "2265"]
[BlackElo "2464"]
[Result "0-1"]
[PlyCount "94"]
[EventDate "2013.07.29"]

1. e4 c5 2. Nf3 e6 3. d4 a6 4. c3 d5 5. dxc5 Bxc5 6. exd5 exd5 7. Be2 Nc6 8.
O-O Nf6 9. Nbd2 Bb6 10. Nb3 h6 11. Nfd4 O-O 12. Bf4 Re8 13. Re1 Ne4 14. Bf3 Qf6
15. Bg3 Bf5 16. Nxf5 Qxf5 17. Re2 Re7 18. Qf1 Rae8 19. Rd1 h5 20. Bxe4 dxe4 21.
c4 Rd7 22. Rxd7 Qxd7 23. Qe1 f5 24. c5 Bd8 25. Qd2 Qf7 26. h3 Bf6 27. Bd6 Qc4
28. Re1 h4 29. Qf4 Qd5 30. f3 g5 31. Qc1 Kf7 32. fxe4 Rxe4 33. Qd1 Qxd1 34.
Rxd1 Bxb2 35. Kf1 Bf6 36. Rb1 Ke6 37. a3 b5 38. Rd1 Ra4 39. Bf8 Be5 40. Nd2 Rd4
41. Ke2 Kf7 42. Bh6 Bf6 43. Rb1 Rd8 44. a4 Kg6 45. axb5 axb5 46. Bxg5 Bxg5 47.
Nf3 b4 0-1

[Event "II Festival A"]
[Site "Fano ITA"]
[Date "2013.08.04"]
[Round "9"]
[White "Banusz, Tamas"]
[Black "Shytaj, Luca"]
[WhiteElo "2588"]
[BlackElo "2456"]
[Result "0-1"]
[PlyCount "102"]
[EventDate "2013.07.29"]

1. d4 Nf6 2. c4 e6 3. g3 c5 4. Nf3 cxd4 5. Nxd4 Nc6 6. Bg2 Bc5 7. Nb3 Be7 8.
O-O b6 9. Nc3 Ba6 10. Nb5 Rc8 11. Bf4 d5 12. cxd5 Nxd5 13. a4 O-O 14. Rc1 Bb7
15. Bxd5 exd5 16. N3d4 Qd7 17. Nf3 Rfd8 18. Nbd4 Nxd4 19. Nxd4 Rc5 20. b3 Rdc8
21. Qd3 Bf6 22. Be3 g6 23. Rfd1 Qe7 24. Qd2 h5 25. h4 Qe4 26. f3 Qe7 27. Bf2
Ba6 28. b4 Rxc1 29. Rxc1 Rxc1+ 30. Qxc1 Qxb4 31. Qf4 Bg7 32. g4 hxg4 33. fxg4
Qb1+ 34. Kg2 Qe4+ 35. Qxe4 dxe4 36. Nb5 Bb7 37. Kh3 Bc6 38. Nxa7 Bxa4 39. Nc8
b5 40. Bc5 Bd1 41. e3 Be2 42. Ne7+ Kh7 43. g5 f5 44. Nd5 Be5 45. Nf4 Bg4+ 46.
Kg3 Bc3 47. h5 Be1+ 48. Kh2 gxh5 49. g6+ Kg8 50. Bd4 b4 51. Nd5 Bh4 0-1

[Event "II Festival A"]
[Site "Fano ITA"]
[Date "2013.08.04"]
[Round "9"]
[White "Bonafede, Alessandro"]
[Black "Ambartsumova, Karina"]
[WhiteElo "2380"]
[BlackElo "2306"]
[Result "1/2-1/2"]
[PlyCount "75"]
[EventDate "2013.07.29"]

1. e4 e5 2. Nf3 Nc6 3. Bc4 Nf6 4. Ng5 d5 5. exd5 Na5 6. Bb5+ c6 7. dxc6 bxc6 8.
Be2 h6 9. Nh3 Bc5 10. d3 O-O 11. Nc3 Re8 12. O-O Nb7 13. Kh1 Bf5 14. Be3 Qd7
15. Ng1 Rad8 16. Nf3 e4 17. dxe4 Qc7 18. Bd3 Nxe4 19. Nxe4 Bxe4 20. Qe2 Bxe3
21. fxe3 Qb6 22. Rfe1 Nc5 23. Bxe4 Nxe4 24. c3 Rb8 25. Rab1 Nxc3 26. bxc3 Qxb1
27. Rxb1 Rxb1+ 28. Ng1 Rd8 29. h3 Rdd1 30. Kh2 Rxg1 31. Qa6 Rgc1 32. Qxc6 Rb2
33. Qe8+ Kh7 34. Qe4+ Kg8 35. Qe8+ Kh7 36. Qxf7 Rxc3 37. Qf5+ Kh8 38. Qf8+
1/2-1/2

[Event "II Festival A"]
[Site "Fano ITA"]
[Date "2013.08.04"]
[Round "9"]
[White "Brancaleoni, Maurizio"]
[Black "Rebeggiani, Andrea"]
[WhiteElo "2248"]
[BlackElo "1910"]
[Result "1/2-1/2"]
[PlyCount "28"]
[EventDate "2013.07.29"]

1. Nf3 d5 2. d4 Nf6 3. c4 e6 4. g3 Be7 5. Bg2 O-O 6. O-O dxc4 7. Ne5 c5 8. dxc5
Qc7 9. Nxc4 Qxc5 10. b3 Rd8 11. Nbd2 Na6 12. Bb2 Rb8 13. e3 b6 14. Rc1 Bb7
1/2-1/2

[Event "II Festival A"]
[Site "Fano ITA"]
[Date "2014.08.04"]
[Round "9"]
[White "Chierici, Marianna"]
[Black "Coppola, Federico"]
[WhiteElo "2076"]
[BlackElo "1957"]
[Result "0-1"]
[PlyCount "126"]
[EventDate "2013.07.29"]

1. d4 Nf6 2. Nf3 e6 3. e3 b6 4. Nbd2 Bb7 5. Bd3 d5 6. b3 Bd6 7. Bb2 O-O 8. O-O
Nbd7 9. Ne5 Ne4 10. f3 Nxd2 11. Qxd2 c5 12. f4 f5 13. Nxd7 Qxd7 14. Rf3 Rac8
15. Qe2 c4 16. bxc4 dxc4 17. Bxc4 Bxf3 18. gxf3 Rf6 19. Kh1 Rg6 20. Bb3 b5 21.
Rd1 Re8 22. Qd3 a5 23. a3 Kh8 24. d5 e5 25. fxe5 Bxe5 26. Bxe5 Rxe5 27. a4 bxa4
28. Qc3 Re8 29. Bc4 Rc8 30. Bb5 Rxc3 31. Bxd7 Rd6 32. Bxa4 Rxe3 33. Kg2 g5 34.
Kf2 Ra3 35. Rd4 Kg7 36. Bb5 Rc3 37. Bd3 Kf6 38. f4 gxf4 39. Kf3 Ke5 40. Rxf4
Rxd3+ 41. cxd3 Rxd5 42. Rc4 Rxd3+ 43. Ke2 Rh3 44. Rc5+ Ke4 45. Rxa5 Rxh2+ 46.
Kf1 h5 47. Ra3 Kf4 48. Ra4+ Kg5 49. Ra8 Rb2 50. Kg1 f4 51. Rg8+ Kf5 52. Rf8+
Kg4 53. Rg8+ Kf3 54. Ra8 Rd2 55. Ra3+ Kg4 56. Ra8 Rd5 57. Kf2 h4 58. Ra2 h3 59.
Kg1 f3 60. Kh2 Rf5 61. Kg1 Re5 62. Kf1 Kg3 63. Ra3 Rb5 0-1

[Event "II Festival A"]
[Site "Fano ITA"]
[Date "2013.08.04"]
[Round "9"]
[White "Costantini, Roberto"]
[Black "Di Primio, Eugenia"]
[WhiteElo "2290"]
[BlackElo "1943"]
[Result "1-0"]
[PlyCount "61"]
[EventDate "2013.07.29"]

1. e4 e5 2. Nf3 Nc6 3. Bb5 a6 4. Ba4 Nf6 5. d3 b5 6. Bb3 Be7 7. a4 Rb8 8. axb5
axb5 9. O-O d6 10. c3 O-O 11. Re1 h6 12. Nbd2 Re8 13. Nf1 Bf8 14. Ng3 Ne7 15.
d4 Ng6 16. h3 c5 17. d5 Qc7 18. Be3 Nf4 19. Qd2 N6h5 20. Kh2 Nxg3 21. fxg3 Ng6
22. Rf1 f5 23. Bc2 fxe4 24. Bxe4 Nh8 25. Nh4 Re7 26. Qc2 g5 27. Nf5 Rf7 28. h4
Qd7 29. Qe2 Rb7 30. Qg4 Be7 31. hxg5 1-0

[Event "II Festival A"]
[Site "Fano ITA"]
[Date "2013.08.04"]
[Round "9"]
[White "Csonkics, Tunde"]
[Black "Rezzuti, Vincenzo"]
[WhiteElo "2205"]
[BlackElo "1930"]
[Result "1/2-1/2"]
[PlyCount "62"]
[EventDate "2013.07.29"]

1. d4 d5 2. Nf3 Nf6 3. c4 dxc4 4. e3 e6 5. Bxc4 a6 6. a4 c5 7. O-O Nc6 8. Nc3
Be7 9. Qe2 Qc7 10. Rd1 cxd4 11. exd4 O-O 12. Bg5 b6 13. Rac1 Na5 14. Ba2 Qa7
15. d5 exd5 16. Nxd5 Nxd5 17. Bxd5 Bxg5 18. Nxg5 Rb8 19. Nxf7 Bf5 20. Nd6+ Kh8
21. Nxf5 Rxf5 22. Qg4 Rff8 23. Qg3 Qe7 24. Rc7 Qf6 25. b4 Rbd8 26. Rcc1 Nc6 27.
b5 axb5 28. axb5 Nd4 29. Bf3 Nxb5 30. h3 Nd4 31. Re1 Nxf3+ 1/2-1/2

[Event "II Festival A"]
[Site "Fano ITA"]
[Date "2013.08.04"]
[Round "9"]
[White "Gambardella, Piero"]
[Black "Villani, Cristian"]
[WhiteElo "1992"]
[BlackElo "2063"]
[Result "1-0"]
[PlyCount "39"]
[EventDate "2013.07.29"]

1. d4 d5 2. c4 e6 3. Nc3 Nf6 4. Bg5 Nbd7 5. e3 c6 6. cxd5 exd5 7. Bd3 Be7 8.
Qc2 Nf8 9. Nge2 Be6 10. O-O h6 11. Bh4 Qd7 12. Rab1 N8h7 13. b4 O-O 14. Na4 g5
15. Bg3 Ne4 16. f3 Nef6 17. Nc5 Qc8 18. Be5 Re8 19. Nxe6 fxe6 20. Bxh7+ 1-0

[Event "II Festival A"]
[Site "Fano ITA"]
[Date "2013.08.04"]
[Round "9"]
[White "Klimentov, Evgeny"]
[Black "Tonel, Giulia"]
[WhiteElo "2006"]
[BlackElo "1973"]
[Result "0-1"]
[PlyCount "79"]
[EventDate "2013.07.29"]

1. e4 d6 2. d4 Nf6 3. Nc3 g6 4. Bg5 Bg7 5. Qd2 h6 6. Bh4 Nbd7 7. f3 c5 8. d5 a6
9. a4 Qb6 10. Ra2 g5 11. a5 Qb4 12. b3 Nh5 13. Nge2 Nf4 14. Bg3 b5 15. axb6
Nxb6 16. Bxf4 gxf4 17. Na4 Qxd2+ 18. Kxd2 Nxa4 19. Rxa4 Be5 20. g3 fxg3 21.
hxg3 e6 22. Bh3 Ke7 23. Ke3 Bd7 24. Ra5 Rhc8 25. f4 Bg7 26. Kd3 Rcb8 27. Bg2
Rb4 28. Rb1 Rab8 29. Ra3 c4+ 30. Kd2 exd5 31. exd5 R8b6 32. Nc1 Bf5 33. Na2
R4b5 34. b4 a5 35. Re1+ Kd7 36. bxa5 Ra6 37. Nc3 Rbxa5 38. Rxa5 Rxa5 39. Be4
Bg4 40. Ne2 0-1

[Event "II Festival A"]
[Site "Fano ITA"]
[Date "2013.08.04"]
[Round "9"]
[White "Klimentov, Roman"]
[Black "Lantini, Marco"]
[WhiteElo "2219"]
[BlackElo "2119"]
[Result "1-0"]
[PlyCount "73"]
[EventDate "2013.07.29"]

1. e4 e5 2. Nf3 Nc6 3. Bb5 a6 4. Ba4 Nf6 5. O-O Be7 6. Bxc6 dxc6 7. d3 Nd7 8.
Nbd2 O-O 9. b3 Re8 10. Bb2 Bd6 11. Nc4 b5 12. Ne3 Nf8 13. a4 Rb8 14. Bc3 Ng6
15. g3 Bd7 16. h4 c5 17. axb5 axb5 18. Kg2 f6 19. h5 Ne7 20. Nh4 Qc8 21. Rh1
Nc6 22. Nef5 Bf8 23. Qg4 Be6 24. h6 Bxf5 25. exf5 Qd7 26. hxg7 Bxg7 27. Nf3 Ne7
28. Rh5 Ng6 29. Rxh7 Nf4+ 30. gxf4 Kxh7 31. fxe5 fxe5 32. Qg6+ Kg8 33. f6 Re6
34. Qxg7+ Qxg7+ 35. fxg7 Rbe8 36. Ra7 R8e7 37. Bxe5 1-0

[Event "II Festival A"]
[Site "Fano ITA"]
[Date "2013.08.04"]
[Round "9"]
[White "Prohaszka, Peter"]
[Black "Ivanisevic, Ivan"]
[WhiteElo "2554"]
[BlackElo "2649"]
[Result "0-1"]
[PlyCount "62"]
[EventDate "2013.07.29"]

1. d4 Nf6 2. c4 c5 3. d5 b5 4. cxb5 a6 5. bxa6 g6 6. Nc3 Bg7 7. Nf3 O-O 8. e4
Qa5 9. Nd2 Bxa6 10. Be2 e6 11. O-O exd5 12. e5 Bxe2 13. Nxe2 Ng4 14. Nb3 Qa7
15. Qxd5 Na6 16. h3 Nxe5 17. Be3 d6 18. Nc3 Rad8 19. Rfd1 Qb8 20. Qe4 Nb4 21.
Bg5 Rde8 22. Qh4 Re6 23. Nd5 Nxd5 24. Rxd5 Rfe8 25. Rad1 Nc6 26. Bf4 Nd4 27.
Nxc5 Ne2+ 28. Kh1 Bf6 29. Bg5 Bxg5 30. Qxg5 dxc5 31. Qd2 c4 0-1

[Event "II Festival A"]
[Site "Fano ITA"]
[Date "2013.08.04"]
[Round "9"]
[White "Rago, Riccardo"]
[Black "Panella, Fiammetta"]
[WhiteElo "2084"]
[BlackElo "2050"]
[Result "1/2-1/2"]
[PlyCount "82"]
[EventDate "2013.07.29"]

1. e4 c5 2. Nf3 e6 3. d3 Nc6 4. g3 d5 5. Nbd2 Nf6 6. Bg2 Be7 7. O-O O-O 8. c3
Qc7 9. Qe2 b5 10. Re1 a5 11. e5 Nd7 12. h4 a4 13. Nf1 Ba6 14. Bf4 b4 15. c4
dxc4 16. dxc4 Nb6 17. b3 Rad8 18. Red1 Na5 19. Qc2 Bb7 20. Ne3 Nc6 21. h5 Nd4
22. Nxd4 cxd4 23. Ng4 Bxg2 24. Kxg2 Qc6+ 25. f3 f5 26. Nf2 Nd5 27. Qd2 Nb6 28.
Nd3 Rb8 29. Nxb4 Bxb4 30. Qxb4 Rfd8 31. Qd2 Rd7 32. Rab1 Ra8 33. Qd3 axb3 34.
axb3 Ra2+ 35. Rd2 Ra3 36. Rdb2 Na4 37. Rf2 Nc5 38. Qd1 Qb7 39. Rfb2 Qb4 40. Qd2
Qxd2+ 41. Bxd2 Nd3 1/2-1/2

[Event "II Festival A"]
[Site "Fano ITA"]
[Date "2013.08.04"]
[Round "9"]
[White "Rizzardi, Franco"]
[Black "Cardarelli, Angelo"]
[WhiteElo "2027"]
[BlackElo "1980"]
[Result "0-1"]
[PlyCount "108"]
[EventDate "2013.07.29"]

1. e4 e6 2. d4 d5 3. e5 c5 4. c3 Nc6 5. Be3 Qb6 6. Qd2 f6 7. f4 Nh6 8. Nf3 Bd7
9. Be2 Be7 10. h3 Nf5 11. Bf2 h5 12. O-O O-O-O 13. Kh2 Rdg8 14. Bd3 Nh6 15.
dxc5 Bxc5 16. Bxc5 Qxc5 17. b4 Qe7 18. Kg1 fxe5 19. b5 e4 20. bxc6 Bxc6 21. Ne5
Qc5+ 22. Qf2 Qxf2+ 23. Rxf2 exd3 24. Ng6 Nf5 25. Nxh8 Rxh8 26. Nd2 Nd6 27. Rf3
Bb5 28. Rb1 Ba6 29. Rb4 Kd7 30. Rg3 Nf5 31. Rf3 Rc8 32. Nb1 h4 33. Kf2 Ng3 34.
Ke1 Ne4 35. Rb3 Kd6 36. Re3 Rc5 37. Kd1 Ra5 38. a3 b6 39. Rb4 g6 40. Ke1 Bb5
41. c4 Bxc4 42. Rxe4 dxe4 43. Rxc4 Kd5 44. Rb4 Rc5 45. Nd2 e3 46. Nb3 Rc4 47.
Rb5+ Ke4 48. Rb4 Rxb4 49. axb4 Kd5 50. Kd1 Kc4 51. Nc1 Kc3 52. b5 e2+ 53. Nxe2+
dxe2+ 54. Kxe2 Kc4 0-1

[Event "II Festival A"]
[Site "Fano ITA"]
[Date "2013.08.04"]
[Round "9"]
[White "Rombaldoni, Axel"]
[Black "Burmakin, Vladimir"]
[WhiteElo "2494"]
[BlackElo "2559"]
[Result "1/2-1/2"]
[PlyCount "92"]
[EventDate "2013.07.29"]

1. e4 c6 2. d4 d5 3. e5 Bf5 4. Nd2 e6 5. Nb3 Nd7 6. Nf3 Ne7 7. Be2 Nc8 8. O-O
Be7 9. a4 O-O 10. a5 c5 11. dxc5 Nxc5 12. Nbd4 Bg6 13. c4 a6 14. b4 Ne4 15. Qb3
Na7 16. cxd5 exd5 17. Be3 Qd7 18. Rac1 Rfc8 19. e6 Qd6 20. exf7+ Kh8 21. Rfd1
Nc6 22. Nxc6 bxc6 23. Bd4 Bxf7 24. Qb2 Qxb4 25. Bxg7+ Kg8 26. Qa1 Qa3 27. Rb1
Qxa1 28. Bxa1 Bc5 29. Nd4 Bxd4 30. Bxd4 c5 31. Be5 Re8 32. f4 Rxe5 33. fxe5 Nc3
34. Kf2 c4 35. Ke3 d4+ 36. Rxd4 Nxb1 37. Bxc4 Na3 38. Bxf7+ Kxf7 39. Rd7+ Ke6
40. Rxh7 Kxe5 41. Rh5+ Ke6 42. Kd4 Nc2+ 43. Ke4 Nb4 44. g4 Nc6 45. Rh6+ Kd7 46.
Kd5 Ne7+ 1/2-1/2

[Event "II Festival A"]
[Site "Fano ITA"]
[Date "2013.08.04"]
[Round "9"]
[White "Rossi, Aldo A."]
[Black "Caprio, Guido"]
[WhiteElo "2260"]
[BlackElo "2415"]
[Result "0-1"]
[PlyCount "58"]
[EventDate "2013.07.29"]

1. e4 c5 2. d4 cxd4 3. c3 e5 4. Nf3 Nc6 5. Bc4 Qc7 6. O-O Nf6 7. Bd5 d6 8. cxd4
Bg4 9. dxe5 dxe5 10. Nc3 Be7 11. Be3 O-O 12. Rc1 Rad8 13. h3 Bh5 14. Qe2 Nd4
15. Bxd4 exd4 16. Nb5 Bxf3 17. Qxf3 Qb6 18. Qb3 Nxd5 19. exd5 a6 20. Na3 Qxb3
21. axb3 Rd7 22. Rfd1 Bf6 23. Rc5 Rfd8 24. Nc2 Rxd5 25. b4 h6 26. Rd3 R5d7 27.
Kf1 Re8 28. b5 axb5 29. Rxb5 Rc7 0-1